Voľnosť v rozhodovaní ako zdroj korupcie
Guardado en:
| Autor principal: | |
|---|---|
| Otros Autores: | , |
| Formato: | Libro |
| Lenguaje: | eslovaco |
| Publicado: |
Bratislava
Róbert Vico - vydavateľstvo
2001
|
| Colección: | Protikorupčné nástroje
|
| Materias: | |
| Etiquetas: |
Sin Etiquetas, Sea el primero en etiquetar este registro!
|
MARC
| LEADER | 00000nam a2200000 4500 | ||
|---|---|---|---|
| 001 | c138263 | ||
| 005 | 20221028114251.2 | ||
| 020 | |a 80-89041-20-5 | ||
| 041 | 0 | |a slo | |
| 044 | |a SK | ||
| 245 | 1 | 0 | |a Voľnosť v rozhodovaní ako zdroj korupcie |c Daniela Zemanovičová, Emília Sičáková, Peter Ondrejka |
| 264 | 1 | |a Bratislava |b Róbert Vico - vydavateľstvo |c 2001 | |
| 300 | |a 34 s. | ||
| 490 | 1 | |a Protikorupčné nástroje | |
| 830 | 0 | |a Protikorupčné nástroje | |
| 610 | 2 | 0 | |a korupcia |
| 610 | 2 | 0 | |a rozhodovanie |
| 610 | 2 | 0 | |a Slovensko |
| 610 | 2 | 0 | |a kontrola |
| 610 | 2 | 0 | |a úplatkárstvo |
| 610 | 2 | 0 | |a štát |
| 610 | 2 | 0 | |a podnikatelia |
| 610 | 2 | 0 | |a súťaž hospodárska |
| 610 | 2 | 0 | |a porovnanie medzinárodné |
| 610 | 2 | 0 | |a správa štátna |
| 610 | 2 | 0 | |a správa verejná |
| 100 | 1 | |a Zemanovičová, Daniela | |
| 700 | 1 | |a Sičáková, Emília | |
| 700 | 1 | |a Ondrejka, Peter | |